Waterside regeneration (Record no. 66483)

MARC details
000 -LEADER
fixed length control field 01296cam a2200241 4500
001 - CONTROL NUMBER
control field ABS63770
008 - FIXED-LENGTH DATA ELEMENTS--GENERAL INFORMATION
fixed length control field 000000n2001 000 0 eng u
035 ## - SYSTEM CONTROL NUMBER
System control number (Sirsi) u111572
100 ## - MAIN ENTRY--PERSONAL NAME
Personal name Bailey, G.
245 ## - TITLE STATEMENT
Title Waterside regeneration
260 ## - PUBLICATION, DISTRIBUTION, ETC.
Date of publication, distribution, etc. 2001
490 ## - SERIES STATEMENT
Series statement Context
Volume/sequential designation (69) March 2001, 16-18(2)
520 ## - SUMMARY, ETC.
Summary, etc. In the recently published DETR document "Waterways for Tomorrow" government recognises and supports the role of waterways in regeneration. Traces the history of waterside developments. Suggests that many local authorities are beginning to recognise the potential of historic waterside settings. For instance, development of Gloucester Docks illustrates how large, impressive warehouses can be successfully converted for commercial and leisure uses. Notes how waterside locations can provide colourful settings for cafes and commercial buildings, or green and tranquil locations for residential developments. Gives examples of towns in Britain where waterside regeneration has been successfully completed.
590 ## - LOCAL NOTE (RLIN)
Local note ABS
650 ## - SUBJECT ADDED ENTRY--TOPICAL TERM
Topical term or geographic name entry element WATERSIDE DEVELOPMENTS
650 ## - SUBJECT ADDED ENTRY--TOPICAL TERM
Topical term or geographic name entry element WATERWAYS
650 ## - SUBJECT ADDED ENTRY--TOPICAL TERM
Topical term or geographic name entry element DEVELOPMENTS
650 ## - SUBJECT ADDED ENTRY--TOPICAL TERM
Topical term or geographic name entry element OPPORTUNITIES
650 ## - SUBJECT ADDED ENTRY--TOPICAL TERM
Topical term or geographic name entry element RESIDENTIAL DEVELOPMENT
650 ## - SUBJECT ADDED ENTRY--TOPICAL TERM
Topical term or geographic name entry element COMMERCIAL DEVELOPMENTS
690 ## - LOCAL SUBJECT ADDED ENTRY--TOPICAL TERM (OCLC, RLIN)
Topical term or geographic name as entry element REGENERATION
942 ## - ADDED ENTRY ELEMENTS (KOHA)
Suppress in OPAC 0
Holdings
Withdrawn status Lost status Source of classification or shelving scheme Damaged status Not for loan Home library Current library Shelving location Date acquired Total Checkouts Full call number Barcode Date last seen Copy number Price effective from Koha item type
    Dewey Decimal Classification     London London Journal article 21/03/2001   ABS63770 111572-1001 06/08/2019 1 06/08/2019 Journal article